První a druhá řeč filippická

Bibliographic Details
Main Author: Cicero, Marcus Tullius, 106 pred Kr.-43 pred Kr (Author)
Format: Book
Language:Undetermined
PhysicalDescription:83 s.
Published: Praha A. Storch 1896

MARC

LEADER 00000nam a2200000 a 4500
001 vtls001311423
003 SK-MaSNL
005 20260301235319.0
008 240314s1896 xx 0 und
035 |a SNK000263794 
040 |a SNK  |b slo  |c SNK  |e AACR2 
041 0 |a und 
100 1 |a Cicero, Marcus Tullius,  |d 106 pred Kr.-43 pred Kr  |4 aut  |9 53145 
245 1 0 |a První a druhá řeč filippická 
260 |a Praha  |b A. Storch  |c 1896 
300 |a 83 s. 
958 |a ONDV 
999 |c 974472  |d 976402 
952 |t P60, <04>, [BOOK], {604}  |a SNK  |b SNK  |y VYP  |7 0  |p 17A0109977  |o snkID 39013  |0 0  |1 1  |4 0  |d 1997-11-20  |l 0  |r 2005-01-02 00:00:00  |w 2026-02-24